|
|
|
|
| LEADER |
01027nam a2200241 i 4500 |
| 001 |
GR-MES2174 |
| 003 |
GR-PaULI |
| 005 |
20240930120536.0 |
| 008 |
991111s1981 nyua g 001 b eng d |
| 020 |
|
|
|a 0671250140
|
| 040 |
|
|
|a GrPaTEI
|b gre
|c GR-PaULI
|e AACR2
|
| 082 |
0 |
4 |
|2 23
|a 595.7
|
| 100 |
1 |
|
|a Arnett, Ross H.
|9 206121
|e συγγραφέας.
|
| 245 |
1 |
0 |
|a Simon and Schuster's guide to insects /
|c by Dr. Ross H. Arnett, Jr., και Dr. Richard L. Jacques, Jr.
|
| 260 |
|
|
|a New York :
|b Simon and Schuster,
|c 1981.
|
| 300 |
|
|
|a 511 σ. :
|b φωτ. ((μερ/ έγχρ.) ;
|c 19 εκ.
|
| 500 |
|
|
|a Περιλαμβάνει ευρετήριο.
|
| 650 |
|
4 |
|a Έντομα
|9 25167
|
| 700 |
1 |
|
|a Jacques, Richard L
|9 206122
|e συγγραφέας.
|
| 942 |
|
|
|2 ddc
|c BK
|
| 952 |
|
|
|0 0
|1 0
|2 ddc
|4 0
|6 595_700000000000000_ARN
|7 0
|9 266497
|a MSLG
|b MSLG
|c BSC
|d 2021-01-17
|e 24
|f 0
|g 0.00
|i 12624
|l 0
|o 595.7 ARN
|p 2420000012624
|r 2021-01-17 00:00:00
|t 1
|w 2021-01-17
|y BK15
|x 19991111 0 1
|x GrPaTEI
|
| 998 |
|
|
|c ΒΑΣΙΛΕΙΟΥ
|d 2024-09
|
| 999 |
|
|
|c 153319
|d 153319
|